LDR 01086naa#a2200169#i#450# 001 RU\\bibl\121513 005 20260705221649.7 011 ## _a3033-7879 100 ## _a20260331b2026####ek#y0rusy0150####ca 102 ## _aRU 200 1# _aФОРМИРОВАНИЕ МЕХАНИЗМА ЦИФРОВОГО СУВЕРЕНИТЕТА РОССИИ КАК СТРАТЕГИЧЕСКОГО РЕСУРСА УКРЕПЛЕНИЯ НАЦИОНАЛЬНОЙ БЕЗОПАСНОСТИ (ТЕОРЕТИКО-ПРАВОВОЙ АНАЛИЗ) _eЖурнальная статья 210 1# _aВолгоград _cВолгоградская академия МВД России _d2026 215 ## _a0 с. 608 ## _aЖурнальная статья _2local 675 ## _aПраво. Юридические науки. 34 _aПрирода права. Подразделения права. Правовые теории. Области применения. Территория, на которой действует право. 34.01 _z 700 #1 _aБлинкова _gВиктория Александровна 856 4# _ava-mvd.editorum.ru _u